Library of the University of Algiers 3
Ibrahim Sultan Cheibout
شعار جامعة الجزائر 3
مكتبة جامعة الجزائر 3
إبراهيم سلطان شيبوط

علم الإجتماع الإقتصادي : (رقم التسجيلة. 44210)

تفاصيل مارك
000 -LEADER
fixed length control field 01535nam a2200241Ia 4500
003 - CONTROL NUMBER IDENTIFIER
control field Ost
005 - DATE AND TIME OF LATEST TRANSACTION
control field 20260507075355.0
008 - FIXED-LENGTH DATA ELEMENTS--GENERAL INFORMATION
fixed length control field 260507s9999||||xx |||||||||||||| ||und||
020 ## - INTERNATIONAL STANDARD BOOK NUMBER
International Standard Book Number 66243289779
040 ## - CATALOGING SOURCE
Transcribing agency fsecg
041 ## - LANGUAGE CODE
Language code of text/sound track or separate title ara
082 ## - DEWEY DECIMAL CLASSIFICATION NUMBER
Classification number 330
100 ## - MAIN ENTRY--PERSONAL NAME
Personal name جامع، محمد نبيل
Relator term مؤلف
245 #0 - TITLE STATEMENT
Title علم الإجتماع الإقتصادي :
Remainder of title الأصول الإجتماعية للتنمية الإقتصادية /
Statement of responsibility, etc. محمد نبيل جامع
260 ## - PUBLICATION, DISTRIBUTION, ETC.
Place of publication, distribution, etc. الإسكندرية:
Name of publisher, distributor, etc. دار الجامعة الجديدة للنشر,
Date of publication, distribution, etc. [دون تاريخ]
300 ## - PHYSICAL DESCRIPTION
Extent 529 صفحة؛
Other physical details غلاف ملون ومصور، جداول، أشكال
Dimensions 25 سم
504 ## - BIBLIOGRAPHY, ETC. NOTE
Bibliography, etc. note المراجع ص509
520 ## - SUMMARY, ETC.
Summary, etc. العولمة وعلم الإجتماع الإقتصادي- مفهوم ونشأة ورواد علم الإجتماع الإقتصادي- الطبيعة الإجتماعية للنظم والوحدات الإقتصادية- احياء الهوية الإجتماعية لعلم الإقتصاد المعاصر- مفهوم وقياس الاوضاع المؤسسية في مصر وبعض الدول العالم- إدارة الحكومة والامن القومي- اجتماعيات المشروعات الصغيرة ودعمها الإقتصادي- اجتماعيات الحيازة المزرعية بالآراضي الجديدة
653 ## - INDEX TERM--UNCONTROLLED
Uncontrolled term الإجتماع، علم
653 ## - INDEX TERM--UNCONTROLLED
Uncontrolled term التنمية الإقتصادية
653 ## - INDEX TERM--UNCONTROLLED
Uncontrolled term علم الإجتماع الإقتصادي
942 ## - ADDED ENTRY ELEMENTS (KOHA)
Koha item type كتب
المقتنيات
Withdrawn status Lost status Source of classification or shelving scheme Damaged status Not for loan Home library Current library Date acquired Serial enumeration / chronology Inventory number Total checkouts Full call number Barcode Date last seen Price effective from Koha item type
    Dewey Decimal Classification   NOT LOAN / إعارة داخلية مكتبة كلية العلوم الإقتصادية والعلوم التجارية وعلوم التسيير مكتبة كلية العلوم الإقتصادية والعلوم التجارية وعلوم التسيير 07/05/2026 الطابق الأرضي 25289   أ/4268ن1 25289 07/05/2026 07/05/2026 كتب
    Dewey Decimal Classification   Available مكتبة كلية العلوم الإقتصادية والعلوم التجارية وعلوم التسيير مكتبة كلية العلوم الإقتصادية والعلوم التجارية وعلوم التسيير 07/05/2026 الطابق الأرضي 25290   أ/4268ن2 25290 07/05/2026 07/05/2026 كتب
    Dewey Decimal Classification   Available مكتبة كلية العلوم الإقتصادية والعلوم التجارية وعلوم التسيير مكتبة كلية العلوم الإقتصادية والعلوم التجارية وعلوم التسيير 07/05/2026 الطابق الثاني 25291   أ/4268ن3 25291 07/05/2026 07/05/2026 كتب

موارد الويب المفتوحة


© University of Algiers 3 All Rights Reserved
|
Implemented by LECHELAH Riad